LEADER 01136nam a2200277 i 4500 001 000000041500 003 CaOOAMICUS 005 20100303000000.0 008 100303s1979 it u000 u ita u 013 $a12670 040 $aSeMil$bita 100 1 $aOsis, Karlis.$0(OLS)http://semarc/name/20421 240 10$aAt the hour of death.$0(OLS)http://semarc/title/60152 245 10$aQuello che videro nell'ora della morte /$cKarlis Osis e Erlendur Haraldsson. 260 $aMilano :$bArmenia,$c1979. 300 $a278 p. ;$c21 cm. 490 0 $aLibri dell'insolito 650 4$aMorte.$0(OLS)http://semarc/subject/6140 650 4$aSopravvivenza.$0(OLS)http://semarc/subject/8602 700 1 $aHaraldsson, Erlendur.$0(OLS)http://semarc/name/20422 830 0$aLibri dell'insolito.$0(OLS)http://semarc/title/30856 850 $aSeMil 852 $aSeMil$W1$xVenegono$y1$m2X II 233$j7655$B7655$CSeMilBibl$Z2$F7655 $81 961 $aOmaggio: Biblioteca Salesiani 996 $6245$aQuello che videro nell'ora della morte$9(OLS)http://semarc/title/60151 996 $6260$aMilano :$bArmenia$9(OLS)http://semarc/publisher/31831 LEADER 00922nam a2200253 i 4500 001 000000245274 003 CaOOAMICUS 005 20151001000000.0 008 151001s1960 it u000 u ita u 013 $a224179 040 $aSeMil$bita 100 1 $aD'Amico, Silvio.$0(OLS)http://semarc/name/6430 245 10$aVol. 2. 250 $aEd. ridotta a cura di Sandro d'Amico. 300 $a378 p. 490 0 $aSaper tutto : l'enciclopedia del 20. secolo 500 $aFondo card. Giovanni Colombo. 773 0 $aD'Amico, Silvio$tStoria del teatro drammatico.$dMilano : Garzanti, copyr. 1960.$w()32604 830 0$aSaper tutto : l'enciclopedia del 20. secolo.$0(OLS)http://semarc/title/7187 850 $aSeMil 852 $aSeMil$W1$xVenegono$y1$m3GC II 396/2$j195620$B195620$CSeMilBibl$Z2$F206298 $8B 941 1 $a3 961 $aLascito: Colombo Card. Giovanni 996 $6245$aVol. 2$9(OLS)http://semarc/title/13458